• 首页
  • 本馆介绍
  • 公告通知
  • 最新文献
  • 馆藏检索
  • 电子资源
  • 读者导购
  • 参考咨询
  • 我的图书馆
  • 登录
  • 详细信息显示
  • 放入我的书架
  • 预约/预借图书
  • 作者相关作品
  • 分类相关作品
  • 丛书相关作品
  • 出版社相关作品

书目信息

  • 表格格式
  • 工作单格式
  • 卡片格式
题名:
中药制剂分析技术
    
 
作者: 陶定阑 主编
分册:  
出版信息: 北京   化学工业出版社  2006
页数: 186页
开本: 26cm
丛书名:
单 册:
中图分类: R283
科图分类:
主题词: 中药制剂学--药物分析--技术学校--教材 , 中药制剂学 , 药物分析
电子资源:
ISBN: 7-5025-8040-9
000 00996nam0 2200289 450
001 003088812
005 20080303092004.64
010    @a7-5025-8040-9@dCNY23.00
035    @a003088812
100    @a20060119d2006 em y0chiy0110 ea
101 0  @achi
102    @aCN@b110000
105    @aa z 000yy
106    @ar
200 1  @a中药制剂分析技术@Azhong yao zhi ji fen xi ji shu@f陶定阑主编
210    @a北京@c化学工业出版社@d2006
215    @a186页@c图@d26cm
300    @a全国医药中等职业技术学校教材
304    @a全国医药职业技术教育研究会组织编写
330    @a本书详细介绍了中药制剂分析技术的内容与方法,包括中药制剂分析技术基本要求和程序、鉴别技术、检查技术、含量测定技术,以及液体剂型、丸剂、颗粒剂、片剂、胶囊剂的分析,并附有中药制剂分析技术实验指导及大量习题。
606 0  @a中药制剂学@x药物分析@x技术学校@j教材
606 0  @a中药制剂学
606 0  @a药物分析
690    @aR283@v4
701  0 @a陶定阑@Atao ding lan@4主编
801  0 @aCN@bNLC@c20080303
905    @dR283@e239@f4
    
    中药制剂分析技术/陶定阑主编.-北京:化学工业出版社,2006
    186页:图;26cm
    全国医药中等职业技术学校教材
    
    ISBN 7-5025-8040-9:CNY23.00
    本书详细介绍了中药制剂分析技术的内容与方法,包括中药制剂分析技术基本要求和程序、鉴别技术、检查技术、含量测定技术,以及液体剂型、丸剂、颗粒剂、片剂、胶囊剂的分析,并附有中药制剂分析技术实验指导及大量习题。
●
相关链接 在E读中查询图书 在五车中查询图书 在当当中查询图书 在豆瓣中查询图书


正题名:中药制剂分析技术     索取号:R283/239         预约/预借

序号 登录号 条形码 馆藏地/架位号 状态 备注
1 0614589   206145893   第二样本阅览室/ [索取号:R283/239] 在馆    
2 0614590   206145900   第三借阅区/ [索取号:R283/239] 在馆    
3 0614591   206145919   第三借阅区/ [索取号:R283/239] 在馆    
4 0614592   206145928   第三借阅区/ [索取号:R283/239] 在馆    
唐山师范学院图书馆 欢迎您!
大连网信软件有限公司© 版权所有